Cases in public relations management /

This book contains many cases in Public Relations Management with Business Organizations, Non-Profit Organizations, Counseling Firms and Agencies, and Personal/Personnel Concerns.

Shranjeno v:
Bibliografske podrobnosti
Glavni avtor: Simon, Raymond.
Drugi avtorji: Wylie, Frank Winston.
Format: Knjiga
Jezik:English
Izdano: Lincolnwood, Ill. : NTC Business Books, 1994.
Teme:
Oznake: Označite
Brez oznak, prvi označite!
Thư viện lưu trữ: Mạng thư viện Đại học Đà Nẵng
LEADER 01100cam a2200349 i 4500
001 000047938
003 7633
005 20030312161711.0
008 010322|1994 vm 000 eng
020 |a 0844233749 
040 |a IRC  |c IRC  |d IRC 
041 0 |a eng 
082 1 4 |a 659.2  |b SI-R 
100 1 |a Simon, Raymond. 
245 0 0 |a Cases in public relations management /  |c Raymond Simon, Frank Winston Wylie. 
260 |a Lincolnwood, Ill. :  |b NTC Business Books,  |c 1994. 
300 |a xvi, 420 p. ;  |c 23cm. 
520 3 |a This book contains many cases in Public Relations Management with Business Organizations, Non-Profit Organizations, Counseling Firms and Agencies, and Personal/Personnel Concerns. 
630 0 4 |a Management. 
630 0 4 |a Public relations. 
650 0 4 |a Public relations  |x Management  |x Case studies. 
700 1 |a Wylie, Frank Winston. 
OWN |a DUT 
999 |a From the UDN01 
TYP |a Monograph 
TYP |a Printed language 
980 |a Mạng thư viện Đại học Đà Nẵng